000 00834aam a2200313 i 4500
001 768714001
003 CO-MdFUSB
005 20250603144640.0
007 ta
008 250603t1975 -us |||| |||| 00| 0 eng d
020 _a0-8010-8064-9
040 _cCO-MdFUSB
041 0 _aeng
082 0 4 _223
_a241.66
_bS2839w
100 1 _aScanzoni, Letha
_eautor
245 1 0 _aWhy wait?
_ba christian view of premarital sex
_c/ Letha Scanzoni
264 1 _bBaker Book House,
_aGrand Rapids, MI., USA :
_c[1975]
264 4 _c©1975
300 _a142 páginas
336 _atexto
_btxt
_2rdacontent
337 _2rdamedia
_asin mediación
_bn
338 _2rdacarrier
_avolumen
_bnc
563 _aRústico
650 0 _aSexo
_91346
650 0 _aVida cristiana
_919
942 _cBK
945 _aJTF-925
999 _c35427
_d35427